000 02840nam0a22005051 4500
001 RU\NLR\A1\24791
005 20260407102317.0
035 _a(NLR Aleph) 009679115
090 _a9694642
_c9694642
100 _a19981201d1788 m y0rusy50 ca
101 1 _arus
_cfre
102 _aRU
135 _acrcn 024anaba
140 _ay y kb yaa0000
200 1 _aРучная книжка для домостроительницы.
_eПеревод с французскаго языка
210 _aМосква
_cв типографии Компании типографической
_d1788
215 _a97, [1] с.
_d8°
300 _aЦенз. (тит. л.): С указного дозволения
300 _aНа с.3 посвящ. пер. М.И.Арбеневой
314 _aКн. была представлена в цензуру Яковом Благодаровым, который, возможно, и является ее пер.
316 _aЭкз. РНБ (18.110.5.1) в цельнокожан. пер. На корешке 5 бинтов, вытисн. золотом цветоч. орнамент, белая кожан. наклейка с вытисн. золотом загл. "Ручная книжка" и бумаж. наклейка с цифрой "1". Корешок тонированный красный. На нижней крышке пер. экслибрис РНБ с шифром. На форзаце ярлык с шифром РНБ. На с.5, 33 и [1] круглый штамп ГПБ. Размер: 16,7х9,5х1,2 см
_5NLR: 18.110.5.1
321 1 _aСК XVIII 6237
325 _aКопия доступна в Электрон. б-ке РНБ
620 _dМосква
702 1 _4730
_8rus
_7ca
_aБлагодаров
_bЯ. И.
_f1764-1833
_gЯков Иванович
_3RU\NLR\AUTH\7797444
_980370
702 1 _aАрбенева
_bМ.И.
_gМария Ивановна
_4280
712 0 2 _4610
_aТипографическая компания
_cМосква
_bТипография
_3RU\NLR\AUTH\889930188
_9355937
801 0 _aRU
_bNLR
_c19981201
852 _aNLR
_j18.110.5.1
856 0 _uhttp://vivaldi.nlr.ru/bx000018230/view
856 1 _uhttp://vivaldi.nlr.ru/bx000018230/cover
856 2 _uhttp://vivaldi.nlr.ru/bx000018230/text
899 _aРГБ
899 _aГПИБ
899 _aБАН
942 _cBOOK
980 _aNB
980 3 _akpcivil
980 3 _akp
980 _aA1XVIIIv
981 2 0 _a(20) Книжные памятники РНБ
_b(20) Русский книжный фонд